Most expensive football transfers - 2012-2013 Season - Statistics

General Stats
  • This quiz has been taken 29 times
  • The average score is 9 of 10
Answer Stats
Fee (M €) Nationality Left Joined Player % Correct
35,00 Belgium LOSC Lille Chelsea Eden Hazard
100%
35,00 Croatia Tottenham Real Madrid Luka Modric
100%
30,70 Netherlands Arsenal Manchester United Robin van Persie
100%
32,00 Brazil Internacional Chelsea Oscar
96%
42,00 Brazil AC Milan Paris SG Thiago Silva
96%
40,00 Brazil FC Porto Zenit S-Pb Hulk
89%
40,00 Spain Athletic Bayern Munich Javi Martínez
81%
40,00 Belgium Benfica Zenit S-Pb Axel Witsel
74%
40,00 Brazil São Paulo Paris SG Lucas Moura
63%
35,00 Brazil Shakhtar D. Anzhi Willian
63%
No matching quizzes found
Score Distribution
Percent of People with Each Score
Percentile by Number Answered
Your Score History
You have not taken this quiz